[Event "Irish Championship 2010"]
[Site "Dublin IRL"]
[Date "2010.07.11"]
[Round "9"]
[White "Keogh, Eamon"]
[Black "Delaney, Killian"]
[Result "0-1"]
[WhiteTitle "NM"]
[WhiteElo "2047"]
[BlackElo "2034"]
[WhiteICU "1892"]
[BlackICU "1999"]
[WhiteClub "Kilkenny"]
[BlackClub "Rathmines"]
[WhiteNationality "IRL"]
[BlackNationality "IRL"]
[WhiteFideId "2500264"]
[BlackFideId "2501570"]
[PlyCount "66"]
[EventDate "2010.07.03"]

{ Event information: <a
href="https://www.irlchess.com/irlch2010_allfiles/pairings_irlch2010.html">Tournament
report</a>. }

1. f4 d5 2. Nf3 Bg4 3. e3 Nd7 4. d4 e6 5. Bd3 c5 6. c3 Ngf6 7. Nbd2 Bd6 8.
h3 Bh5 9. O-O cxd4 10. cxd4 O-O 11. Qb3 Qb6 12. Ne5 Rac8 13. g4 Bg6 14.
Nxg6 hxg6 15. Qd1 e5 16. Nb3 exf4 17. exf4 Rfe8 18. Bd2 Ne4 19. Ba5 Qc6 20.
Bxe4 dxe4 21. d5 Bc5+ 22. Kg2 Qd6 23. Nxc5 Nxc5 24. Qd4 Nd3 25. Bc3 f6 26.
g5 Nxf4+ 27. Rxf4 Qxf4 28. gxf6 Qxf6 29. Qe3 Qf5 30. Qd4 Qf3+ 31. Kh2 Qf6
32. Qxf6 gxf6 33. Bxf6 Rc2+ 0-1

[Event "Irish Championship 2010"]
[Site "Dublin IRL"]
[Date "2010.07.11"]
[Round "9"]
[White "Griffiths, Ryan-Rhys"]
[Black "Redmond, John P."]
[Result "1/2-1/2"]
[WhiteElo "2249"]
[BlackElo "2205"]
[WhiteICU "2251"]
[WhiteClub "Kilkenny"]
[BlackClub "Atticus ENG"]
[WhiteNationality "IRL"]
[BlackNationality "IRL"]
[WhiteFideId "2502054"]
[BlackFideId "2500051"]
[PlyCount "36"]
[EventDate "2010.07.03"]

{ Event information: <a
href="https://www.irlchess.com/irlch2010_allfiles/pairings_irlch2010.html">Tournament
report</a>. }

1. e4 e6 2. d4 d5 3. exd5 exd5 4. c4 Bb4+ 5. Nc3 Nf6 6. Bd3 O-O 7. Ne2 dxc4
8. Bxc4 Nbd7 9. O-O Nb6 10. Bb3 Re8 11. Bg5 h6 12. Bh4 Be6 13. Bc2 Bc4 14.
Re1 Nbd5 15. a3 Bxe2 16. Rxe2 Bxc3 17. Rxe8+ Qxe8 18. bxc3 Nxc3 1/2-1/2

[Event "Irish Championship 2010"]
[Site "Dublin IRL"]
[Date "2010.07.11"]
[Round "9"]
[White "Short, Philip"]
[Black "Orr, Mark J. L."]
[Result "1/2-1/2"]
[WhiteTitle "FM"]
[BlackTitle "IM"]
[WhiteElo "2296"]
[BlackElo "2247"]
[WhiteICU "2238"]
[BlackICU "2174"]
[BlackClub "Wandering Dragons SCO"]
[WhiteNationality "IRL"]
[BlackNationality "IRL"]
[WhiteFideId "2500086"]
[BlackFideId "2500035"]
[PlyCount "29"]
[EventDate "2010.07.03"]

{ Event information: <a
href="https://www.irlchess.com/irlch2010_allfiles/pairings_irlch2010.html">Tournament
report</a>. }

1. d4 d5 2. Nf3 Nf6 3. c4 e6 4. Nc3 Bb4 5. e3 c5 6. a3 cxd4 7. axb4 dxc3 8.
bxc3 O-O 9. Be2 b6 10. O-O Bb7 11. cxd5 Qxd5 12. c4 Qxd1 13. Rxd1 Nbd7 14.
Bb2 a5 15. bxa5 1/2-1/2

[Event "Irish Championship 2010"]
[Site "Dublin IRL"]
[Date "2010.07.11"]
[Round "9"]
[White "Butler, Kevin C."]
[Black "Fox, Anthony"]
[Result "1/2-1/2"]
[WhiteElo "2054"]
[BlackElo "2129"]
[WhiteICU "1955"]
[BlackICU "2073"]
[WhiteClub "Phibsboro"]
[BlackClub "Dun Laoghaire"]
[WhiteNationality "IRL"]
[BlackNationality "IRL"]
[WhiteFideId "2501538"]
[BlackFideId "2500736"]
[PlyCount "57"]
[EventDate "2010.07.03"]

{ Event information: <a
href="https://www.irlchess.com/irlch2010_allfiles/pairings_irlch2010.html">Tournament
report</a>. }

1. e4 e5 2. Nf3 Nc6 3. Bc4 Nf6 4. d4 exd4 5. e5 d5 6. Bb5 Ne4 7. Nxd4 Bd7
8. Bxc6 bxc6 9. O-O Bc5 10. f3 Ng5 11. f4 Ne4 12. Be3 Bb6 13. Nd2 Nxd2 14.
Qxd2 c5 15. Nf3 d4 16. Bf2 Bc6 17. Qd3 Qd5 18. c4 Qe4 19. Qd2 O-O-O 20.
Rfe1 Qf5 21. Nh4 Qd7 22. Qd3 g6 23. a3 Qe7 24. Nf3 Qd7 25. Bh4 Rde8 26. Bf6
Rhg8 27. h3 h6 28. b4 Qf5 29. Qxf5+ 1/2-1/2

[Event "Irish Championship 2010"]
[Site "Dublin IRL"]
[Date "2010.07.11"]
[Round "9"]
[White "Porter, Liam"]
[Black "McCabe, Darren"]
[Result "1/2-1/2"]
[WhiteElo "1976"]
[BlackElo "2000"]
[WhiteICU "1863"]
[BlackICU "1892"]
[WhiteClub "Elm Mount"]
[BlackClub "Rathmines"]
[WhiteNationality "IRL"]
[BlackNationality "IRL"]
[WhiteFideId "2502992"]
[BlackFideId "2500760"]
[PlyCount "35"]
[EventDate "2010.07.03"]

{ Event information: <a
href="https://www.irlchess.com/irlch2010_allfiles/pairings_irlch2010.html">Tournament
report</a>. }

1. e4 c6 2. d4 d5 3. Nc3 dxe4 4. Nxe4 Nf6 5. Nxf6+ exf6 6. Bf4 Bd6 7. Qd2
Be6 8. Bxd6 Qxd6 9. Nf3 O-O 10. Be2 Nd7 11. c4 Rfe8 12. O-O Rad8 13. Rad1
Nf8 14. h3 Ng6 15. Rfe1 Nf4 16. Bf1 a6 17. b3 Bf5 18. Re3 1/2-1/2

[Event "Irish Championship 2010"]
[Site "Dublin IRL"]
[Date "2010.07.11"]
[Round "9"]
[White "Duffy, Seamus"]
[Black "Benson, Oisin P."]
[Result "1-0"]
[WhiteElo "1996"]
[BlackElo "2062"]
[WhiteICU "1876"]
[BlackICU "1970"]
[WhiteClub "Bray/Greystones"]
[BlackClub "St. Benildus"]
[WhiteNationality "IRL"]
[BlackNationality "IRL"]
[WhiteFideId "2501708"]
[BlackFideId "2501821"]
[PlyCount "75"]
[EventDate "2010.07.03"]
[WhiteFullName "Duffy, S&eacute;amus"]
[BlackFullName "Benson, Ois&iacute;n P."]

{ Event information: <a
href="https://www.irlchess.com/irlch2010_allfiles/pairings_irlch2010.html">Tournament
report</a>. }

1. e4 c5 2. a3 g6 3. d4 cxd4 4. Qxd4 Nf6 5. Nc3 Nc6 6. Qd3 Bg7 7. Bg5 d6 8.
f3 a6 9. Qd2 h6 10. Be3 b5 11. Nge2 Ne5 12. Nf4 O-O 13. Nfd5 Nxd5 14. Nxd5
Kh7 15. Bb6 Qd7 16. Bd4 Rb8 17. Qc3 a5 18. f4 b4 19. axb4 axb4 20. Qd2 Nc6
21. Bxg7 Kxg7 22. Be2 f5 23. exf5 Qxf5 24. g4 Qe4 25. O-O-O Ra8 26. Kb1 Ba6
27. Rhe1 Bc4 28. Nb6 Ba2+ 29. Kc1 Ra7 30. Bb5 Bb3 31. Ba4 Qxc2+ 32. Qxc2
Bxc2 33. Kxc2 Rxf4 34. Bxc6 Rc7 35. Kb1 Rxc6 36. Nd5 Rxg4 37. Rxe7+ Kh8 38.
Nf6 1-0

[Event "Irish Championship 2010"]
[Site "Dublin IRL"]
[Date "2010.07.11"]
[Round "9"]
[White "Loughran, John"]
[Black "Kalam, Abul"]
[Result "1-0"]
[WhiteElo "1928"]
[BlackElo "1646"]
[WhiteICU "1726"]
[BlackICU "1880"]
[WhiteClub "Elm Mount"]
[BlackClub "Rathmines"]
[WhiteNationality "IRL"]
[BlackNationality "IRL"]
[WhiteFideId "2501562"]
[BlackFideId "2501007"]
[PlyCount "57"]
[EventDate "2010.07.03"]

{ Event information: <a
href="https://www.irlchess.com/irlch2010_allfiles/pairings_irlch2010.html">Tournament
report</a>. }

1. e4 c5 2. Nf3 e6 3. d4 cxd4 4. Nxd4 Nc6 5. Nc3 Bb4 6. Nxc6 Bxc3+ 7. bxc3
bxc6 8. Qd4 Qf6 9. e5 Qe7 10. Rb1 f6 11. Bd3 fxe5 12. Qxe5 d6 13. Qg3 Nf6
14. O-O e5 15. Ba3 Be6 16. Rb2 c5 17. Rfb1 Bd5 18. Bb5+ Kf7 19. c4 Be6 20.
Bc6 Rac8 21. Rb7 Bd7 22. Bxd7 Nxd7 23. Qf3+ Ke8 24. Qg4 Rf8 25. Bc1 Qf7 26.
Be3 h5 27. Qe4 Qe6 28. Rxa7 Rf7 29. Ra8 1-0

[Event "Irish Championship 2010"]
[Site "Dublin IRL"]
[Date "2010.07.11"]
[Round "9"]
[White "Murray, David"]
[Black "Cafolla, Peter"]
[Result "1-0"]
[WhiteElo "2021"]
[BlackElo "2090"]
[WhiteICU "1962"]
[BlackICU "2028"]
[WhiteClub "Gonzaga"]
[BlackClub "Rathmines"]
[WhiteNationality "IRL"]
[BlackNationality "IRL"]
[WhiteFideId "2501511"]
[BlackFideId "2500884"]
[PlyCount "83"]
[EventDate "2010.07.03"]

{ Event information: <a
href="https://www.irlchess.com/irlch2010_allfiles/pairings_irlch2010.html">Tournament
report</a>. }

1. e4 e5 2. Nf3 Nc6 3. Nc3 Be7 4. g3 Nf6 5. Bg2 O-O 6. O-O d6 7. d3 Bg4 8.
h3 Bxf3 9. Bxf3 Nd4 10. Bg2 c6 11. f4 Nd7 12. Be3 Bf6 13. Ne2 Nxe2+ 14.
Qxe2 a6 15. c3 Qe7 16. d4 g6 17. Rad1 exd4 18. cxd4 Bg7 19. Qd3 Rad8 20.
Rf2 Rfe8 21. Qb3 Nf6 22. e5 Nd5 23. Bxd5 cxd5 24. Bd2 dxe5 25. dxe5 Rd7 26.
Bb4 Qe6 27. Kg2 Bf8 28. Rfd2 Bxb4 29. Qxb4 Red8 30. Rd3 Rc8 31. R1d2 Kg7
32. Qb3 Rc5 33. Qd1 Qc6 34. Rd4 Rc1 35. Qf3 Rc2 36. f5 Rxd2+ 37. Rxd2 gxf5
38. Qxf5 d4+ 39. Kh2 d3 40. Qg4+ Kh8 41. Qb4 Qd5 42. Qf8# 1-0

[Event "Irish Championship 2010"]
[Site "Dublin IRL"]
[Date "2010.07.11"]
[Round "9"]
[White "O'Rourke, Ray"]
[Black "Palmer, Bernard"]
[Result "1-0"]
[WhiteElo "2066"]
[BlackElo "2012"]
[WhiteICU "1932"]
[BlackICU "1965"]
[WhiteClub "Bray/Greystones"]
[BlackClub "Dun Laoghaire"]
[WhiteNationality "IRL"]
[BlackNationality "IRL"]
[WhiteFideId "2501023"]
[BlackFideId "2500701"]
[PlyCount "82"]
[EventDate "2010.07.03"]

{ Event information: <a
href="https://www.irlchess.com/irlch2010_allfiles/pairings_irlch2010.html">Tournament
report</a>. }

1. e4 e6 2. d4 d5 3. Nd2 c5 4. exd5 Qxd5 5. dxc5 Bxc5 6. Ngf3 Nc6 7. Bc4
Qd6 8. O-O Nf6 9. Qe2 a6 10. c3 O-O 11. Nb3 Ba7 12. Bg5 Qe7 13. Nbd4 Nxd4
14. cxd4 h6 15. Bh4 Qd6 16. Rfd1 b5 17. Bb3 Bb7 18. Qd3 Rac8 19. Bc2 g6 20.
Rac1 Bb8 21. Re1 Rfe8 22. Bb3 Rxc1 23. Rxc1 Kg7 24. Rd1 Qb6 25. Bxf6+ Kxf6
26. Ne5 Rd8 27. Bc2 Ba7 28. Ng4+ Ke7 29. Qg3 h5 30. Nh6 Qc6 31. Qg5+ f6 32.
Qxg6 Rxd4 33. Re1 Rd2 34. Nf5+ Kd8 35. Qxf6+ Kc7 36. Qg7+ Rd7 37. Qg3+ Kd8
38. Qg8+ Kc7 39. Qg3+ Kd8 40. Ng7 Qxc2 41. Nxe6+ Ke7 1-0